Životné problémy očami kresťanov metodický materiál pre učiteľov a vychovávateľov
| Main Author: | |
|---|---|
| Other Authors: | |
| Format: | Book |
| Language: | Slovak English Czech |
| PhysicalDescription: | 141 s. ilustr 30 cm |
| Published: |
Bratislava
Asociácia pre výchovu Novo Millennio O.Z.
[2005]
|
| ISBN: | 8096896415 |
| Edition: | [1. vyd.] |
| Subjects: |
MARC
| LEADER | 00000nam a2200000 a 4500 | ||
|---|---|---|---|
| 001 | vtls001522314 | ||
| 003 | SK-MaSNL | ||
| 005 | 20260302073926.0 | ||
| 008 | 240314s2005 xo a g 000 0 slo | ||
| 015 | |a SNBA2005/09-03513 | ||
| 020 | |a 8096896415 |q (brož.) | ||
| 035 | |a 07601AFC-69C6-4642-90F2-18D36D6534F2 | ||
| 035 | |a D5033FFA-6035-45A2-A270-80AEDB4E6AFF | ||
| 035 | |a urn:nbn:sk:snk-am004c9f | ||
| 035 | |a urn:nbn:sk:snk-amk6pa | ||
| 035 | |a urn:nbn:sk:snk-am003c0h | ||
| 040 | |a SNK |b slo |c SNK |e AACR2 | ||
| 041 | 1 | |a slo |h eng |h cze | |
| 044 | |a xo |c SK | ||
| 072 | 7 | |a 27-4 |x Praktická teológia. Morálna teológia |2 konspekt | |
| 080 | |a 27-4 |2 2001 | ||
| 080 | |a (035) |2 2001 | ||
| 100 | 1 | |a Wright, Chris |d 1947- |4 aut |9 738939 | |
| 245 | 1 | 0 | |a Životné problémy očami kresťanov |b metodický materiál pre učiteľov a vychovávateľov |c Chris Wright; [preklad: Mária Šestáková] |
| 250 | |a [1. vyd.] | ||
| 260 | |a Bratislava |b Asociácia pre výchovu Novo Millennio O.Z. |c [2005] | ||
| 300 | |a 141 s. |b ilustr |c 30 cm | ||
| 500 | |a Voľné listy | ||
| 501 | |a Spoluvydav. Metodicko-pedagogické centrum Bratislava | ||
| 650 | 0 | 7 | |a globálne problémy |x kresťanské chápanie |2 SNKPH |9 301975 |
| 650 | 0 | 7 | |a kresťanské učenie |2 SNKPH |9 1960 |
| 650 | 0 | 7 | |a kresťanská etika |2 SNKPH |9 30117 |
| 650 | 0 | 7 | |a životné problémy |x kresťanské chápanie |2 SNKPH |9 301974 |
| 655 | 7 | |a príručky |2 SNKPH |9 74364 | |
| 700 | 1 | |a Šestáková, Mária |4 trl |9 738940 | |
| 919 | |a 80-968964-1-5 | ||
| 968 | |b ENG |c Čes |d 2 | ||
| 999 | |c 1162902 |d 1164832 | ||
| 952 | |a SNK |b SNK |y PREZ |7 0 |p 17A0465052 |o snkSB 70241 |i snk2005/5286 |8 0 |0 0 |1 0 |4 0 |d 2005-04-05 |f 1 |l 0 |r 2025-04-25 00:00:00 |w 2026-02-24 | ||
| 952 | |a SNK |b SNK |y VYP |7 0 |p 17A0465053 |o snkSB 70241 D1 |i snk2005/5287 |8 0 |0 0 |1 0 |4 0 |d 2005-04-05 |f 1 |l 0 |r 2016-06-30 00:00:00 |w 2026-02-24 | ||


